| 000 | 01088nac a22003251u 4500 | ||
|---|---|---|---|
| 003 | EG-ScBUE | ||
| 005 | 20220609093152.0 | ||
| 008 | 200219s2003 enk f 000 0 eng d | ||
| 020 | _a1405017503 | ||
| 020 | _a9781405017503 | ||
| 040 |
_aEG-ScBUE _beng _erda _cEG-ScBUE _dEG-ScBUE |
||
| 082 | 0 | 4 |
_a428.34 _bMAN _222 |
| 100 | 1 |
_aMann, Malcolm, _eauthor. _935194 |
|
| 245 | 1 | 0 |
_aListening and speaking, _pTeacher's book / _cMalcolm Mann, Steve Taylor-Knowless. |
| 246 | 3 | 0 | _aTeacher's book |
| 264 | 1 |
_aOxford : _bMacmillan Education, _c2003. |
|
| 300 |
_a47 pages ; _c27 cm. |
||
| 336 |
_2rdacontent _atext _btxt |
||
| 337 |
_2rdamedia _aunmediated _bn |
||
| 338 |
_2rdacarrier _avolume _bnc |
||
| 490 | 0 | _askills for first certificate | |
| 500 | _adistributer: Al-Ahram | ||
| 650 | 7 |
_aEnglish language _vTextbooks for foreign speakers. _2BUEsh |
|
| 650 | 7 |
_aEnglish language _xExaminations _vStudy guides. _2BUEsh |
|
| 651 | _2BUEsh | ||
| 653 | _bHHUUEENN | ||
| 655 |
_vReading book _934232 |
||
| 700 | 1 |
_aTaylor-Knowless, Steve, _eauthor. |
|
| 942 |
_cTR _k428.34 MAN _2ddc |
||
| 999 |
_c6673 _d6673 |
||